Osoby zmarłe w 2020 - Statystyki

Ogólne statystyki
  • Ten quiz został rozwiązany 150 razy
  • Średni wynik to 3 z 10
Statystyki odpowiedzi
Opis Osoba % Poprawnych
Jeden z dwóch najlepszych Argentyńczyków w historii.przez niektórych uważany za najlepszego piłkarza Diego Maradona
89%
amerykański koszykarz zginął w katastrofie helikoptera Kobe Bryant
82%
Współzałożyciel budki Suflera Romuald Lipko
29%
Były sekretarz PZPR w latach 1980-1981 Stanisław Kania
24%
Włoski zdobywca złotej piłki napastnik oraz mistrz świata Paulo Rossi
20%
Znany Polski kompozytor Pieśni Religijnych Krzysztof Penderecki
15%
posłanka na Sejm (1991–2014),Eurodeputowana potem do
2019.minister edukacji narodowej i sportu (2001–04)
Krystyna Łybacka
5%
Orzeł górskiego potem trener piłkarski Adam Musiał
2%
Działacz opozycji demokratycznej w PRL, więzień polityczny i polityk Henryk Wujec
2%
Podał informacje o katastrofie smoleńskiejjako pierwszy do wiadomości publicznej Wiktor Bater
2%
Nie znaleziono quizów pasujących do podanych kryteriów
Rozkład punktacji
Procent ludzi z każdym wynikiem
Percentyl według liczby udzielonych odpowiedzi
Twoja historia wyników
Nie rozwiązałeś tego quizu